000 00757nam a2200193Ia 4500
003 LDD
008 190117s9999 xx 000 0 und d
020 _a8126707984
_c₹500
040 _cLDD
041 _ahi
082 _a370.15689143 पु7102सू
100 _aपुष्पिता
245 0 _aकैरेबियाई देशों में हिन्दी-शिक्षा और सुरीनाम हिन्दी परिषद का इतिहास
_cपुष्पिता
260 _aनई दिल्ली
_bराजकमल
_c2005
300 _a166पृ.
901 _aRAJ
904 _aReqst by : Parakh, Jawarimal (Dr.)
942 _2ddc
_cH
999 _c163635
_d163635